| 000 | 02290cam a22004574i 4500 | ||
|---|---|---|---|
| 003 | PE-LiUPU | ||
| 005 | 20250731172940.0 | ||
| 008 | 150623s1987 miua r 000 0 eng d | ||
| 035 | _a(Sirsi) a20986 | ||
| 040 |
_aPE-LiUPU _bspa _cPE-LiUPU _erda |
||
| 049 | _aPRUA | ||
| 082 | 0 | 4 |
_a266.01 _bM32 _221 |
| 100 | 1 |
_aMayers Marvin, Keene, _d1927-, _eautor. |
|
| 245 | 1 | 0 |
_aChristianity confronts culture : _ba strategy for crosscultural evangelism / _cMarvin K. Mayers. |
| 264 | 1 |
_aMichigan : _bZondervan Publishing House, _c1987. |
|
| 300 |
_a418 páginas : _bilustraciones ; _c20 centímetros |
||
| 336 |
_atext _2rdacontent |
||
| 337 |
_aunmediated _2rdamedia |
||
| 338 |
_avolume _2rdacarrier |
||
| 505 | 0 | _aPrior question of trust -- Acceptance of self -- Mutual respect -- The norm: culture -- The group: identity -- Conflict of norm -- The Form/Meaning correlation -- Tools of research -- Tools of relationship -- Crosscultural ethics -- The support model -- The models ilustrated two cases -- The vasca -- The statue for the corner shelf -- Black and white.- Do, re, mi -- My hippie Brother -- The long coat -- Add onions -- One of then.- Stifling or developing leadership? -- The headman's hidden agenda -- "But mom and dad, you don't understand!" -- Blood of a white chicken -- Should the left hand know? -- A kiss for the preacher's substitute? -- The foreigner's dilemma -- The marriage vow -- Sunday soccer -- Soni -- Addendum to soni case study. | |
| 526 | _aSEG42 | ||
| 526 | _aSEG41 | ||
| 526 | _aSEG40 | ||
| 526 | _aSEG39 | ||
| 526 | _aP94 | ||
| 526 | _aP87 | ||
| 526 | _aP86 | ||
| 526 | _aP85 | ||
| 526 | _aP77 | ||
| 526 | _aP76 | ||
| 526 | _aP35 | ||
| 650 | 0 | 4 |
_aMisiones _xTeoría. |
| 650 | 0 | 4 |
_aComunicación intercultural _xCristianismo. |
| 650 | 0 | 4 | _aCristianismo y la cultura. |
| 650 | 0 | 4 |
_aTrabajo evangelístico. _93100 |
| 942 |
_2ddc _cBOOK |
||
| 949 |
_a266.01 M32 _wDEWEY _c1 _i44514 _lCCODEBUL1 _mBUL _p00.00 _r0 _sY _tBOOK _u2015-06-24 _xTEOLOGIA _PP35 _0COMPRA _o.STAFF. Colección General |
||
| 596 | _a1 | ||
| 999 |
_a266.01 M32 _wDEWEY _c21396 _i44514 _d21396 _f2021-11-10 _g5 _lCCODEBUL1 _mBUL _p16.00 _q2 _r0 _sY _tBOOK _u2015-6-24 _xTEOLOGIA _PP35 _0COMPRA _o.STAFF. Colección Teología |
||
| 980 |
_81 _gALBERTO SANCHEZ Responsable de Automatización |
||